| LEADER |
00602nam0a2200169 450 |
| 001 |
16828532 |
| 010 |
|
|
|a 2-283-58207-5
|d 60 F
|
| 100 |
|
|
|a 19960328d1995 u u0frey01 ba
|
| 200 |
0 |
|
|a Tresses indiennes & bracelets d'amitié
|f Clotilde Chevreau
|g photogr. par Jean-François Hamon
|
| 207 |
|
1 |
|a
|
| 210 |
|
|
|a Paris
|c Temps apprivoisé
|d 1995
|
| 215 |
|
|
|a 46 p.
|d 28 cm
|
| 700 |
|
0 |
|a Chevreau
|b Clotilde
|4 70
|
| 702 |
|
0 |
|a Hamon
|b Jean-François
|4 600
|
| 900 |
|
|
|a Documentaire jeunesse
|
| 901 |
|
|
|a Accessible au prêt
|
| 995 |
|
|
|a BD 13
|b 156
|c Bibliothèque
|f 00156002221299
|h 00156002221299
|k E 746 CHE
|o p
|q j
|r az
|e BD 13
|